FC Porto - Les joueurs à plus de 100 matchs - Statistiques

Statistiques générales
  • Ce quiz a été pris 501 fois
  • Le résultat moyen est 16 sur 40
Statistiques - réponses
Joueurs Matchs % Correct
Pepe 191
91%
Hulk 170
71%
Otavio 192
63%
Helton 331
62%
Danilo Pereira 202
59%
Iker Casillas 156
56%
Moussa Marega 191
55%
Jackson Martinez 133
54%
Joao Moutinho 140
54%
Alex Telles 195
53%
James Rodriguez 108
53%
Danilo 140
51%
Ricardo Quaresma 216
51%
Yacine Brahimi 215
50%
Ivan Marcano 197
46%
Hector Herrera 245
45%
Vincent Aboubakar 125
44%
Jesus Manuel Corona 270
41%
Alex Sandro 137
40%
Alvaro Pereira 118
39%
Lucho Gonzalez 241
39%
Cristian Rodriguez 120
38%
Maxi Pereira 130
38%
Luis Diaz 101
37%
Fernando 236
36%
Sergio Oliveira 152
36%
Nicolas Otamendi 123
35%
Silvestre Varela 220
34%
Maicon 230
32%
Felipe 142
31%
Fredy Guarin 116
30%
Oliver Torres 146
26%
Tiquinho Soares 140
25%
Jorge Fucile 160
23%
Rolando 175
23%
Cristian Sapunaru 103
22%
Wilson Manafa 111
21%
Fernando Belluschi 113
18%
Mariano Gonzalez 117
11%
Steven Defour 113
11%
Aucun quiz correspondant
Distribution des résultats
% des personnes avec chaque résultat
Percentile par nombre de réponses
Votre historique - résultats
Vous n’avez pas pris ce quiz